000 00382nam a2200145Ia 4500
008 220217s9999||||xx |||||||||||||| ||und||
020 _a81-265-0106-5
082 _a004 PER
100 _aPress, Barry Press, Marcia
_92219
245 0 _aPc upgrade and repair bible,
250 _a3rd
260 _aIDG books
_bNew Delhi
_c2002
300 _b499
650 _aCOMPUTER SCIENCE
999 _c168606
_d168606